<?xml version="1.0" encoding="UTF-8"?>
<record
    xmlns:xsi="http://www.w3.org/2001/XMLSchema-instance"
    xsi:schemaLocation="http://www.loc.gov/MARC21/slim http://www.loc.gov/standards/marcxml/schema/MARC21slim.xsd"
    xmlns="http://www.loc.gov/MARC21/slim">

  <leader>03037cam a22004575i 4500</leader>
  <datafield tag="999" ind1=" " ind2=" ">
    <subfield code="c">17</subfield>
    <subfield code="d">17</subfield>
  </datafield>
  <controlfield tag="001">21632080</controlfield>
  <controlfield tag="003">OSt</controlfield>
  <controlfield tag="005">20251027105603.0</controlfield>
  <controlfield tag="006">m    |o  d |      </controlfield>
  <controlfield tag="007">cr |||||||||||</controlfield>
  <controlfield tag="008">181108s2019    nyu     o     001 0 eng  </controlfield>
  <datafield tag="010" ind1=" " ind2=" ">
    <subfield code="a">  2020693359</subfield>
  </datafield>
  <datafield tag="020" ind1=" " ind2=" ">
    <subfield code="z">9781138482814</subfield>
    <subfield code="q">(pbk.)</subfield>
  </datafield>
  <datafield tag="040" ind1=" " ind2=" ">
    <subfield code="a">DLC</subfield>
    <subfield code="b">eng</subfield>
    <subfield code="e">rda</subfield>
    <subfield code="c">DLC</subfield>
    <subfield code="d">DLC</subfield>
  </datafield>
  <datafield tag="050" ind1="0" ind2="0">
    <subfield code="a">TR899</subfield>
  </datafield>
  <datafield tag="082" ind1="0" ind2="0">
    <subfield code="a">777.55</subfield>
    <subfield code="b">G946 2019</subfield>
    <subfield code="2">23</subfield>
  </datafield>
  <datafield tag="100" ind1="1" ind2=" ">
    <subfield code="a">Spohr, Susan J.,</subfield>
    <subfield code="d">1955-</subfield>
    <subfield code="e">author.</subfield>
  </datafield>
  <datafield tag="245" ind1="1" ind2="4">
    <subfield code="a">The guide to managing postproduction for film, TV, and digital distribution /</subfield>
    <subfield code="c">Susan J. Spohr, Barbara Clark, Dawn Higginbotham, Kumari Bakhru.</subfield>
  </datafield>
  <datafield tag="250" ind1=" " ind2=" ">
    <subfield code="a">Thrid edition.</subfield>
  </datafield>
  <datafield tag="264" ind1=" " ind2="1">
    <subfield code="a">New York :</subfield>
    <subfield code="b">Routledge, Taylor &amp; Francis Group,</subfield>
    <subfield code="c">2019.</subfield>
  </datafield>
  <datafield tag="336" ind1=" " ind2=" ">
    <subfield code="a">text</subfield>
    <subfield code="b">txt</subfield>
    <subfield code="2">rdacontent</subfield>
  </datafield>
  <datafield tag="337" ind1=" " ind2=" ">
    <subfield code="a">computer</subfield>
    <subfield code="b">c</subfield>
    <subfield code="2">rdamedia</subfield>
  </datafield>
  <datafield tag="338" ind1=" " ind2=" ">
    <subfield code="a">online resource</subfield>
    <subfield code="b">cr</subfield>
    <subfield code="2">rdacarrier</subfield>
  </datafield>
  <datafield tag="500" ind1=" " ind2=" ">
    <subfield code="a">Includes index.</subfield>
  </datafield>
  <datafield tag="505" ind1="0" ind2=" ">
    <subfield code="a">Scheduling -- Budgeting -- Digital workflow and the film laboratory -- Dailies -- Editorial -- VFX -- Sound -- Mastering for digital cinema and film completion -- Deliverables -- Piracy -- Acquisitions -- Archiving -- Legal -- The future -- Glossary.</subfield>
  </datafield>
  <datafield tag="520" ind1=" " ind2=" ">
    <subfield code="a">"The updated third edition of this popular book offers a clear and detailed overview of the postproduction process, showing readers how to manage each step in taking a film, TV, or media project from production to final delivery, from scheduling and budgeting through editing, sound, visual effects, and more. Accessibly written for producers, post supervisors, filmmakers, and students and extensively updated to address current digital and file-based industry practices, The Guide to Managing Postproduction for Film, TV, and Digital Distribution helps the reader to understand the new worlds of accessibility, deliverables, license requirements, legal considerations, and acquisitions involved in postproduction, including the ins and outs of piracy management and archiving. This edition addresses the standards for theatrical and digital distribution, network, cable and pay TV, as well as spotlights internet streaming and various delivery methods for specialty screenings, projection large format (PLF), and formats including 3D, virtual reality and augmented reality"--</subfield>
    <subfield code="c">Provided by publisher.</subfield>
  </datafield>
  <datafield tag="588" ind1=" " ind2=" ">
    <subfield code="a">Description based on print version record.</subfield>
  </datafield>
  <datafield tag="650" ind1=" " ind2="0">
    <subfield code="a">Motion pictures</subfield>
    <subfield code="x">Editing.</subfield>
  </datafield>
  <datafield tag="650" ind1=" " ind2="0">
    <subfield code="a">Motion pictures</subfield>
    <subfield code="x">Production and direction.</subfield>
  </datafield>
  <datafield tag="650" ind1=" " ind2="0">
    <subfield code="a">Television programs</subfield>
    <subfield code="x">Editing.</subfield>
  </datafield>
  <datafield tag="650" ind1=" " ind2="0">
    <subfield code="a">Television</subfield>
    <subfield code="x">Production and direction.</subfield>
  </datafield>
  <datafield tag="650" ind1=" " ind2="0">
    <subfield code="a">Digital video</subfield>
    <subfield code="x">Production and direction.</subfield>
  </datafield>
  <datafield tag="650" ind1=" " ind2="0">
    <subfield code="a">Digital video</subfield>
    <subfield code="x">Editing.</subfield>
  </datafield>
  <datafield tag="700" ind1="1" ind2=" ">
    <subfield code="a">Clark, Barbara,</subfield>
    <subfield code="d">1959-</subfield>
    <subfield code="e">author.</subfield>
  </datafield>
  <datafield tag="700" ind1="1" ind2=" ">
    <subfield code="a">Higginbotham, Dawn,</subfield>
    <subfield code="e">author.</subfield>
  </datafield>
  <datafield tag="700" ind1="1" ind2=" ">
    <subfield code="a">Bakhru, Kumari,</subfield>
    <subfield code="e">author.</subfield>
  </datafield>
  <datafield tag="776" ind1="0" ind2="8">
    <subfield code="i">Print version:</subfield>
    <subfield code="t">The guide to managing postproduction for film, TV, and digital distribution</subfield>
    <subfield code="d">New York : Routledge, 2019.</subfield>
    <subfield code="z">9781138482777 (hardback)</subfield>
    <subfield code="w">(DLC)  2018051635</subfield>
  </datafield>
  <datafield tag="906" ind1=" " ind2=" ">
    <subfield code="a">7</subfield>
    <subfield code="b">cbc</subfield>
    <subfield code="c">origcop</subfield>
    <subfield code="d">1</subfield>
    <subfield code="e">ecip</subfield>
    <subfield code="f">20</subfield>
    <subfield code="g">y-gencatlg</subfield>
  </datafield>
  <datafield tag="942" ind1=" " ind2=" ">
    <subfield code="2">ddc</subfield>
    <subfield code="c">CIR</subfield>
  </datafield>
  <datafield tag="952" ind1=" " ind2=" ">
    <subfield code="0">0</subfield>
    <subfield code="1">0</subfield>
    <subfield code="2">ddc</subfield>
    <subfield code="4">0</subfield>
    <subfield code="7">0</subfield>
    <subfield code="8">NFIC</subfield>
    <subfield code="a">CL</subfield>
    <subfield code="b">CL</subfield>
    <subfield code="c">RES</subfield>
    <subfield code="d">2023-06-22</subfield>
    <subfield code="e">Purchased</subfield>
    <subfield code="f">BSAM</subfield>
    <subfield code="h">9614</subfield>
    <subfield code="l">0</subfield>
    <subfield code="o">777.55 G946 2019 c.1</subfield>
    <subfield code="p">9614</subfield>
    <subfield code="r">2023-06-22</subfield>
    <subfield code="t">c.1</subfield>
    <subfield code="w">2023-06-22</subfield>
    <subfield code="y">CIR</subfield>
  </datafield>
  <datafield tag="952" ind1=" " ind2=" ">
    <subfield code="0">0</subfield>
    <subfield code="1">0</subfield>
    <subfield code="2">ddc</subfield>
    <subfield code="4">0</subfield>
    <subfield code="7">0</subfield>
    <subfield code="8">NFIC</subfield>
    <subfield code="a">CL</subfield>
    <subfield code="b">CL</subfield>
    <subfield code="c">RES</subfield>
    <subfield code="d">2023-06-22</subfield>
    <subfield code="e">Purchased</subfield>
    <subfield code="f">BSAM</subfield>
    <subfield code="h">9615</subfield>
    <subfield code="l">0</subfield>
    <subfield code="o">777.55 G946 2019 c.2</subfield>
    <subfield code="p">9615</subfield>
    <subfield code="r">2023-06-22</subfield>
    <subfield code="t">c.2</subfield>
    <subfield code="w">2023-06-22</subfield>
    <subfield code="y">CIR</subfield>
  </datafield>
  <datafield tag="952" ind1=" " ind2=" ">
    <subfield code="0">0</subfield>
    <subfield code="1">0</subfield>
    <subfield code="2">ddc</subfield>
    <subfield code="4">0</subfield>
    <subfield code="7">0</subfield>
    <subfield code="8">NFIC</subfield>
    <subfield code="a">CL</subfield>
    <subfield code="b">CL</subfield>
    <subfield code="c">RES</subfield>
    <subfield code="d">2023-06-22</subfield>
    <subfield code="e">Purchased</subfield>
    <subfield code="f">BSAM</subfield>
    <subfield code="h">9616</subfield>
    <subfield code="l">0</subfield>
    <subfield code="o">777.55 G946 2019 c.3</subfield>
    <subfield code="p">9616</subfield>
    <subfield code="r">2023-06-22</subfield>
    <subfield code="t">c.3</subfield>
    <subfield code="w">2023-06-22</subfield>
    <subfield code="y">CIR</subfield>
  </datafield>
  <datafield tag="952" ind1=" " ind2=" ">
    <subfield code="0">0</subfield>
    <subfield code="1">0</subfield>
    <subfield code="2">ddc</subfield>
    <subfield code="4">0</subfield>
    <subfield code="7">0</subfield>
    <subfield code="8">NFIC</subfield>
    <subfield code="a">CL</subfield>
    <subfield code="b">CL</subfield>
    <subfield code="c">RES</subfield>
    <subfield code="d">2023-06-22</subfield>
    <subfield code="e">Purchased</subfield>
    <subfield code="f">BSAM</subfield>
    <subfield code="h">9617</subfield>
    <subfield code="l">0</subfield>
    <subfield code="o">777.55 G946 2019 c.4</subfield>
    <subfield code="p">9617</subfield>
    <subfield code="r">2023-06-22</subfield>
    <subfield code="t">c.4</subfield>
    <subfield code="w">2023-06-22</subfield>
    <subfield code="y">CIR</subfield>
  </datafield>
  <datafield tag="952" ind1=" " ind2=" ">
    <subfield code="0">0</subfield>
    <subfield code="1">0</subfield>
    <subfield code="2">ddc</subfield>
    <subfield code="4">0</subfield>
    <subfield code="7">0</subfield>
    <subfield code="8">NFIC</subfield>
    <subfield code="a">CL</subfield>
    <subfield code="b">CL</subfield>
    <subfield code="c">RES</subfield>
    <subfield code="d">2023-06-22</subfield>
    <subfield code="e">Purchased</subfield>
    <subfield code="f">BSAM</subfield>
    <subfield code="h">9618</subfield>
    <subfield code="l">0</subfield>
    <subfield code="o">777.55 G946 2019 c.5</subfield>
    <subfield code="p">9618</subfield>
    <subfield code="r">2023-06-22</subfield>
    <subfield code="t">c.5</subfield>
    <subfield code="w">2023-06-22</subfield>
    <subfield code="y">CIR</subfield>
  </datafield>
</record>
